000 00285nam a22001217a 4500
008 190311b xxu||||| |||| 00| 0 eng d
041 _aeng
080 _a043.3
100 _a0
101 _aMBE-BA
245 _aNdikimi i Evazionit ne Ekonomine e Kosoves
_cMusliu, E
942 _2udc
_cBK
999 _c54697
_d54697